Welcome to CU Library Online Public Access Catalogue (OPAC)

The practitioner's guide to governance as leadership (Record no. 408)

MARC details
000 -LEADER
fixed length control field 00910cam a2200277 a 4500
001 - CONTROL NUMBER
control field 17455812
005 - DATE AND TIME OF LATEST TRANSACTION
control field 20241030183327.0
006 - FIXED-LENGTH DATA ELEMENTS--ADDITIONAL MATERIAL CHARACTERISTICS
fixed length control field m |o d |
007 - PHYSICAL DESCRIPTION FIXED FIELD--GENERAL INFORMATION
fixed length control field cr_|||||||||||
008 - FIXED-LENGTH DATA ELEMENTS--GENERAL INFORMATION
fixed length control field 120907s2013 cau ob 001 0 eng
020 ## - INTERNATIONAL STANDARD BOOK NUMBER
International Standard Book Number 9781118237366 (epub)
020 ## - INTERNATIONAL STANDARD BOOK NUMBER
International Standard Book Number 9781118224236 (pdf)
020 ## - INTERNATIONAL STANDARD BOOK NUMBER
International Standard Book Number 9781118262375 ( mobipocket)
020 ## - INTERNATIONAL STANDARD BOOK NUMBER
Canceled/invalid ISBN 9781118109878 (cloth)
050 00 - LIBRARY OF CONGRESS CALL NUMBER
Classification number HD2769
Item number .15.T76
082 00 - DEWEY DECIMAL CLASSIFICATION NUMBER
Classification number 658.4/22
Edition information 23
100 1# - MAIN ENTRY--PERSONAL NAME
Personal name Trower, Cathy A.
Fuller form of name (Cathy Ann)
245 14 - TITLE STATEMENT
Title The practitioner's guide to governance as leadership
Remainder of title building high-performing nonprofit boards /
Statement of responsibility, etc. Cathy A. Trower.
250 ## - EDITION STATEMENT
Edition statement 1st ed.
260 ## - PUBLICATION, DISTRIBUTION, ETC.
Place of publication, distribution, etc. San Francisco :
Name of publisher, distributor, etc. Jossey-Bass,
Date of publication, distribution, etc. c2013.
300 ## - PHYSICAL DESCRIPTION
Extent xxiv, 243 pages
Other physical details Index, Illustrations
Dimensions 24cm
650 #0 - SUBJECT ADDED ENTRY--TOPICAL TERM
Topical term or geographic name entry element Nonprofit organizations
General subdivision Management.
650 #0 - SUBJECT ADDED ENTRY--TOPICAL TERM
Topical term or geographic name entry element Corporate governance.
650 #0 - SUBJECT ADDED ENTRY--TOPICAL TERM
Topical term or geographic name entry element Directors of corporations.
942 ## - ADDED ENTRY ELEMENTS (KOHA)
Source of classification or shelving scheme Library of Congress Classification
Koha item type Books
Edition 1st
Suppress in OPAC No
999 ## -
-- 408
-- 408
Holdings
Withdrawn status Lost status Source of classification or shelving scheme Damaged status Not for loan Collection Home library Current library Shelving location Date acquired Total checkouts Full call number Barcode Date last seen Copy number Price effective from Koha item type
    Library of Congress Classification     Non-fiction Business Library (Miotso) Business Library (Miotso) General stacks 03/18/2026   HD2769.15.T76 TRO BSSM00002957 03/18/2026 1 03/18/2026 Books
    Library of Congress Classification     Non-fiction Graduate Library (Christ Temple) Graduate Library (Christ Temple) General stacks 07/02/2025   HD 2769.15 T 76 TRO GSCT00001699 07/02/2025 1 07/02/2025 Books
    Library of Congress Classification     Non-fiction Graduate Library (Christ Temple) Graduate Library (Christ Temple) General stacks 07/02/2025   HD 2769.15 T 76 TRO GSCT00001700 07/02/2025 2 07/02/2025 Books
    Library of Congress Classification     Non-fiction Law Library (Miotso) Law Library (Miotso) General stacks 10/30/2024   HD2769.15.T76 TRO llm00000344 10/30/2024 1 10/30/2024 Books
© 2023-2024 Copyright: Central University Libraries. All Rights Reserved | Created by: Mahone Tech Office